| 000 -LEADER |
| fixed length control field |
00618cam a2200205 i 4500 |
| 005 - DATE AND TIME OF LATEST TRANSACTION |
| control field |
20200317111633.0 |
| 008 - FIXED-LENGTH DATA ELEMENTS--GENERAL INFORMATION |
| fixed length control field |
140117s2014 enk b 001 0 eng |
| 010 ## - LIBRARY OF CONGRESS CONTROL NUMBER |
| LC control number |
2013050714 |
| 020 ## - INTERNATIONAL STANDARD BOOK NUMBER |
| International Standard Book Number |
9780415704977 (pbk : alk. paper) |
| 040 ## - CATALOGING SOURCE |
| Original cataloging agency |
DLC |
| Language of cataloging |
eng |
| Transcribing agency |
DLC |
| Description conventions |
rda |
| 050 00 - LIBRARY OF CONGRESS CALL NUMBER |
| Classification number |
TA403 |
| Item number |
.L95 2014 |
| 082 00 - DEWEY DECIMAL CLASSIFICATION NUMBER |
| Classification number |
691 |
| Edition number |
23 |
| 100 1# - MAIN ENTRY--PERSONAL NAME |
| Personal name |
Lyons, Arthur |
| Fuller form of name |
(Arthur R.) |
| Relator term |
author. |
| 245 10 - TITLE STATEMENT |
| Title |
Materials for architects and builders / |
| Statement of responsibility, etc |
Arthur Lyons. |
| 250 ## - EDITION STATEMENT |
| Edition statement |
Fifth edition. |
| 300 ## - PHYSICAL DESCRIPTION |
| Extent |
xvi, 495 pages ; |
| Dimensions |
25 cm |
| 504 ## - BIBLIOGRAPHY, ETC. NOTE |
| Bibliography, etc |
Includes bibliographical references and index. |
| 650 #0 - SUBJECT ADDED ENTRY--TOPICAL TERM |
| Topical term or geographic name as entry element |
Building materials. |
| 942 ## - ADDED ENTRY ELEMENTS (KOHA) |
| Source of classification or shelving scheme |
|